000 00598nam a2200241Ia 4500
003 OSt
005 20220918174457.0
006 a|||||r|||| 00| 0
007 ta
008 220917b |||||||| |||| 00| 0 eng d
024 _a12,324
037 _cTextual
040 _aARTS
_cARTS
_beng
041 _2eng
_aeng
082 _aMY284, J5
100 _aWelch Ann
_950602
245 0 _aSoaring pilot
260 _aLondon
_bJohn Murray USA
_c1955
300 _a223p
_ccm.
650 _aINDUSTRIAL ARTS
942 _hMY284, J5
_cTEXL
_2CC
999 _c153315
_d153315